00586nam a2200181Ia 4500001001000000003000500010008004100015010001100056040000900067082002000076100002100096245008200117260001800199300001000217440001600227500004600243650011500289Para_8347CHAP220125s1999 xx 000 0 und d a207209 cCHAP aPA-C 595.752 A6 aDavis, John Jone aWilliams the aphididae of Nebraska; a critical review /c by John Jone Davis as.l. :b s.n. a38 p. aaphidae; 12 aEncuadernado con otros impresos similares ax Afididos x Colecciones de escritos x Afididos x Nebraska x Parasitólogos estadounidenses Biografía